| 000 | 00324cam a22001217a 4500 | ||
|---|---|---|---|
| 008 | 180718b1996 xxu||||| |||| 00| 0 eng d | ||
| 082 | _aYA6 R18s | ||
| 100 | _aRao, K.N. | ||
| 245 |
_aSuccessful predictive techniques of hindu astrology _cby K.N. Rao |
||
| 260 |
_aLucknow _bVani _c1996 |
||
| 300 | _a181p | ||
| 650 | _aAstrology | ||
| 999 |
_c492902 _d492902 |
||